000 00217nam a2200097Ia 4500
005 20251222114353.0
008 251222s1900||||xx |||||||||||||| ||spa||
082 _aDVD0098/M97/1926
245 0 _aFausto:Faust
942 _cDVD
999 _c1311
_d1311